Vehicles by Picture - Statistics

General Stats
  • This quiz has been taken 647 times
    610 since last reset
  • The average score is 9 of 10
Answer Stats
Picture Answer % Correct
Bus
100%
Car
99%
Aeroplane / Airplane
95%
Helicopter / Chopper
95%
Train
95%
Truck
93%
Cruise ship
90%
Yacht
90%
Tram / Streetcar
76%
Hang Glider
42%
No matching quizzes found
Score Distribution
Percent of People with Each Score
Percentile by Number Answered
Your Score History
You have not taken this quiz since the last reset